The Second Generation Financial Sector Reforms Volume I (Record no. 6833)

MARC details
000 -LEADER
fixed length control field 00435nam a22001217a 4500
008 - FIXED-LENGTH DATA ELEMENTS--GENERAL INFORMATION
fixed length control field 200330b ||||| |||| 00| 0 eng d
100 ## - MAIN ENTRY--PERSONAL NAME
Personal name The United Republic of Tanzania
245 ## - TITLE STATEMENT
Title The Second Generation Financial Sector Reforms Volume I
Remainder of title Main Report
Statement of responsibility, etc. The United Republic of Tanzania
Medium English
260 ## - PUBLICATION, DISTRIBUTION, ETC. (IMPRINT)
Place of publication, distribution, etc. Dar Es Salm
Name of publisher, distributor, etc. Bank of Tanzania
Date of publication, distribution, etc. 2007
300 ## - PHYSICAL DESCRIPTION
Extent ix,160p.
Other physical details Illustration
Dimensions 20cm
650 ## - SUBJECT ADDED ENTRY--TOPICAL TERM
Source of heading or term Main Report
942 ## - ADDED ENTRY ELEMENTS (KOHA)
Source of classification or shelving scheme Dewey Decimal Classification
Koha item type BOOKS
Holdings
Withdrawn status Lost status Source of classification or shelving scheme Damaged status Not for loan Home library Current library Date acquired Total Checkouts Barcode Date last seen Price effective from Koha item type
    Dewey Decimal Classification     Mwanza Mwanza 30/03/2020   10000002339 30/03/2020 30/03/2020 BOOKS
    Dewey Decimal Classification     Mwanza Mwanza 30/03/2020   10000002340 30/03/2020 30/03/2020 BOOKS
    Dewey Decimal Classification     Mwanza Mwanza 30/03/2020   10000002341 30/03/2020 30/03/2020 BOOKS
    Dewey Decimal Classification     Mwanza Mwanza 06/04/2020   10000002610 06/04/2020 06/04/2020 BOOKS
    Dewey Decimal Classification     Mwanza Mwanza 06/04/2020   10000002611 06/04/2020 06/04/2020 BOOKS

IRDP © 2021 :: Managed by ICT Team